000 00932cam a2200241 a 4500
001 vtls003218034
003 MY-SjTCS
005 20200226114733.0
008 110813s2010 enka b 001 0 eng
020 _a9780273727323 (pbk.)
039 9 _a201603100917
_bmalathy
_c201108291103
_dpushpa
_c201108131138
_dazizee
_c201106081735
_dmalathy
_y201106081730
_zmalathy
082 0 4 _a658.155
_bBLU 2010
100 1 _aBlunden, Tony.
_952538
245 1 0 _aMastering operational risk /
_cTony Blunden, John Thirlwell.
246 1 _iSubtitle on cover:
_aPractical guide to understanding operational risk and how to manage it
260 _aHarlow :
_bFinancial Times/Prentice Hall,
_c2010.
300 _axvii, 321 p. :
_bill. ;
_c24 cm.
504 _aIncludes bibliographical references (p. 313) and index.
650 0 _aRisk management.
650 0 _aOperational risk.
_950805
700 1 _aThirlwell, John.
_952539
920 _aTBS : 164215
999 _c137267